[Event "RUS-ch Youth U21 Girls 2017"]
[Site "Loo"]
[Date "2017.04.26"]
[Round "7"]
[White "Rodionova, Daria"]
[Black "Styazhkina, Anna"]
[Result "0-1"]
[WhiteElo "2164"]
[BlackElo "2222"]
[Annotator "NA"]
[PlyCount "74"]
[EventDate "2017.??.??"]
[EventType "tourn"]
[EventCountry "RUS"]
[SourceTitle "playchess.com"]
[Source "ChessBase"]
[SourceQuality "1"]
[TimeControl "40/5400+30:1800+30"]

1. e4 {[%emt 0:00:00]} e5 {[%emt 0:00:07]} 2. Nf3 {[%emt 0:00:00]} Nc6 {[%emt 0:00:06]} 3. Bb5 {[%emt 0:00:00]} a6 {[%emt 0:00:18]} 4. Ba4 {[%emt 0:00:00]} Nf6 {[%emt 0:00:21]} 5. O-O {[%emt 0:00:13]} Bc5 {[%emt 0:00:25]} 6. c3 {[%emt 0:05:46]} b5 {[%emt 0:00:09]} 7. Bb3 {[%emt 0:00:49]} d6 {[%emt 0:00:26]} 8. d4 {[%emt 0:01:00]} Bb6 {[%emt 0:00:23]} 9. a4 {[%emt 0:01:10]} Rb8 {[%emt 0:00:33]} 10. Na3 {[%emt 0:00:48]} O-O {[%emt 0:01:29]} 11. axb5 {[%emt 0:00:44]} axb5 {[%emt 0:00:07]} 12. Nxb5 {[%emt 0:00:17]} Bg4 {[%emt 0:00:21]} 13. Bc2 {[%emt 0:03:24]} exd4 {[%emt 0:03:58] C78: Ruy Lopez: Archangelsk and Möller Defences} 14. Nbxd4 {[%emt 0:11:19]} Nxd4 {[%emt 0:00:49]} 15. cxd4 {[%emt 0:00:11]} Bxf3 {[%emt 0:00:16]} 16. gxf3 {[%emt 0:01:48]} Nh5 {[%emt 0:01:02]} 17. f4 {[%emt 0:16:35] LiveBook: 3 Games} (17. Kh1 Qf6 18. Be3 c5 19. e5 Qe6 20. exd6 c4 21. b3 cxb3 22. Bxb3 Qxd6 {½-½ (74) Karjakin,S (2772)-Carlsen,M (2853) New York 2016}) 17... Qh4 {[%emt 0:11:16]} 18. Ra3 {[%emt 0:17:05]} c5 {[%emt 0:11:46]} ({Much weaker is} 18... Nxf4 $6 19. Rg3 $16) 19. d5 {[%emt 0:27:19]} c4 {[%emt 0:08:14]} 20. Rf3 $146 {[%emt 0:05:00]} (20. Qf3 Bd4 21. Qh3 Qxh3 22. Rxh3 g6 23. b3 Rfc8 24. Rf3 cxb3 25. Bxb3 Nf6 {½-½ (25) Kobalia,M (2677)-Kasimdzhanov,R (2690) Konya 2012}) 20... Rfe8 {[%emt 0:05:11]} 21. Kg2 {[%emt 0:04:01]} h6 {[%emt 0:04:12]} (21... Qg4+ $11 22. Kh1 Nf6) 22. Bb1 {[%emt 0:07:40]} (22. Re1 $16) 22... Bc5 {[%emt 0:01:01]} 23. f5 {[%emt 0:05:27]} Rb4 {[%emt 0:09:21]} ({Reject} 23... Rxe4 $6 24. Bxe4 Qxe4 25. Re1 Qg4+ 26. Kh1 $14) (23... Qg4+ $5 24. Kh1 $8 Nf6 $11) 24. h3 {[%emt 0:03:11]} Reb8 {[%emt 0:02:40]} 25. Bc2 {[%emt 0:00:18]} Ra8 {[%emt 0:07:24]} 26. Qd2 {[%emt 0:01:24]} Ra1 {[%emt 0:01:35]} 27. Rg1 {[%emt 0:01:19]} Qf6 {[%emt 0:06:28]} 28. Kh1 {[%emt 0:01:28]} Rb8 {[%emt 0:02:11]} 29. Qc3 {[%emt 0:02:02]} Qxc3 $11 {[%emt 0:03:26]} 30. bxc3 {[%emt 0:00:19]} Ra2 {[%emt 0:06:49]} 31. Bd1 {[%emt 0:00:46]} Rb1 {[%emt 0:00:09]} 32. Bxh6 {[%emt 0:01:07]} Rxf2 {[%emt 0:03:36]} 33. Be3 {[%emt 0:00:21]} Bxe3 {[%emt 0:02:35]} 34. Rxe3 {[%emt 0:00:10]} Rbb2 {[%emt 0:00:40]} 35. Rg4 {[%emt 0:01:02]} Nf4 {[%emt 0:01:56]} 36. Bf3 {[%emt 0:00:30]} Rh2+ {[%emt 0:00:57]} 37. Kg1 {[%emt 0:00:05]} Nxh3+ {[%emt 0:00:06]} 0-1

[Event "RUS-ch Youth U21 Girls 2017"]
[Site "Loo"]
[Date "2017.04.27"]
[Round "8"]
[White "Obolentseva, Alexandra"]
[Black "Shuvalova, Polina"]
[Result "1/2-1/2"]
[WhiteElo "2346"]
[BlackElo "2376"]
[Annotator "TA"]
[PlyCount "82"]
[EventDate "2017.??.??"]
[EventType "tourn"]
[EventCountry "RUS"]
[SourceTitle "playchess.com"]
[Source "ChessBase"]
[SourceQuality "1"]

{[%evp 10,82,7,0,10,22,12,12,21,13,26,26,22,16,17,0,14,22,60,13,58,52,39,24,38,20,33,22,98,70,82,9,72,29,37,-8,-12,-11,-18,-13,0,0,-9,-6,0,-7,0,0,10,16,13,13,12,0,0,0,0,0,0,-4,0,-8,-5,-5,0,-15,-15,-8,-11,-20,-25,-31,-22,-24,0]} 1. d4 Nf6 2. c4 e6 3. Nf3 b6 4. e3 Bb7 5. Bd3 d5 6. b3 Bb4+ {E14: Queen's Indian: Classical Variation (4 e3)} ({Relevant:} 6... Bd6 7. O-O O-O 8. Bb2 Nbd7 9. Nc3 a6 10. Rc1 Qe7 11. Re1 Ne4 12. Qc2 f5 13. Ne2 Ndf6 14. h3 c5 15. Ne5 Rac8 16. f3 cxd4 17. exd4 Nd7 18. Nxd7 Qxd7 {½-½ (44) Harikrishna,P (2740)-Kryvoruchko,Y (2697) Linares 2015}) 7. Nbd2 Bd6 8. O-O O-O {The position is equal.} 9. Bb2 c5 10. cxd5 exd5 11. dxc5 bxc5 12. Qc2 Nbd7 13. e4 $146 {[#] aiming for e5.} ({Predecessor:} 13. Rfe1 Re8 {1-0 (28) Hakemi,A (2197)-Noroozi,O (2386) Teheran 2016}) 13... Qc7 14. Rae1 {Hoping for e5.} Rfe8 15. exd5 Bxd5 16. Ne4 Bxe4 17. Bxe4 Rad8 18. Qc3 Bf8 (18... c4 $11) 19. Bf5 Nb6 20. Ne5 (20. Rxe8 $16 Rxe8 21. Rd1) 20... Nbd5 (20... Nfd5 $1 $11 {remains equal.} 21. Qg3 (21. Qh3 g6 22. Bd3 Bg7 $11) 21... g6) 21. Qh3 g6 22. Bb1 Bg7 23. Nc4 Nh5 24. Bxg7 Nxg7 (24... Kxg7 $5 {creates asymmetry.} 25. Qf3 Nhf6 26. Rxe8 Rxe8 27. Rc1 Nf4) 25. Rxe8+ Rxe8 26. Qf3 Nb6 27. Ne3 h5 28. Be4 Ne6 29. Nd5 Nxd5 30. Bxd5 Qe5 31. Bxe6 Qxe6 $11 {[%mdl 4096] Endgame KQR-KQR} 32. Qc3 Qe2 33. a4 Rd8 {[#] Strongly threatening ...Rd1.} 34. Qc1 Rd2 35. h3 Rc2 36. Qf4 Kg7 37. Qc7 a6 38. Qd6 Rc3 39. b4 cxb4 40. Qd4+ Kh7 {And now ...a5 would win.} 41. Qxb4 Rc2 1/2-1/2

[Event "RUS-ch Youth U21 Girls 2017"]
[Site "Loo"]
[Date "2017.04.27"]
[Round "8"]
[White "Dordzhieva, Dinara"]
[Black "Rodionova, Daria"]
[Result "1/2-1/2"]
[WhiteElo "2277"]
[BlackElo "2164"]
[Annotator "TA"]
[PlyCount "95"]
[EventDate "2017.??.??"]
[EventType "tourn"]
[EventCountry "RUS"]
[SourceTitle "playchess.com"]
[Source "ChessBase"]
[SourceQuality "1"]

{[%evp 19,95,-8,-5,-9,0,0,33,19,30,27,14,14,20,22,19,25,48,0,0,0,0,8,16,0,23,0,0,0,0,15,66,11,99,95,126,108,135,79,94,73,72,33,104,91,97,102,102,119,135,126,143,135,133,120,119,98,99,65,68,45,43,35,66,33,33,0,10,0,0,0,13,13,13,17,11,-12,9,-12]} 1. c4 c5 2. Nc3 Nc6 3. g3 g6 4. Bg2 Bg7 5. Nf3 {[%cal Bg1f3,Bf3e1,Be1c2,Bc2e3,Be3c4][%mdl 32]} d6 6. a3 e5 7. O-O a5 8. Ne1 Be6 9. d3 Nge7 10. Nc2 d5 11. cxd5 {A37: Symmetrical English vs ...g6: 4 Bg2 Bg7 5 Nf3} Nxd5 12. Ne3 {[%cal Rg2d5]} Nde7 (12... Nb6 13. Nc4 O-O 14. Bxc6 bxc6 15. Nxb6 Qxb6 16. Be3 Qxb2 17. Na4 Qb3 18. Nxc5 Qxd1 19. Rfxd1 {½-½ (46) Adams,M (2748)-Caruana,F (2823) London 2016}) 13. Nc4 {White is slightly better.} O-O 14. Bg5 f6 15. Be3 b6 16. Qa4 Qc7 17. f4 Rad8 {[#]} 18. Qb5 $146 (18. fxe5 Nxe5 {½-½ (44) Khalifman,A (2621)-Yemelin,V (2573) St Petersburg 2014}) 18... Rb8 19. fxe5 fxe5 20. Rxf8+ Bxf8 21. Rf1 Nd4 22. Qa4 Bg7 23. Bd2 Bd7 24. Qd1 Bc6 (24... b5 $11 25. Ne3 (25. Nd5 Nxd5 26. Bxd5+ Kh8 27. Bxa5 Qa7 $11) 25... Be6) 25. Ne4 (25. Bxc6 $14 Qxc6 26. Ne4) 25... Nd5 (25... a4 $1 $11 {remains equal.}) 26. e3 $36 {[%mdl 2048] White is on the roll.} Ne6 27. Qg4 Qe7 28. h4 (28. Ned6 $142 Nd8 29. Bh3) 28... Nec7 29. h5 Bd7 30. Qe2 Be6 (30... a4 $1 $14) 31. b3 Nb5 32. a4 Nbc7 33. Bc1 gxh5 34. Qxh5 Bf7 35. Qe2 Bg6 36. Bb2 Rd8 37. Rd1 Na6 38. Nf2 Nab4 39. e4 Nc7 {[%cal Bd5c7,Bc7e6,Be6d4][%mdl 32]} 40. Nxb6 Rb8 41. Nc4 Nc6 $1 42. Bc3 Ne6 {The position is equal.} 43. Nxa5 Nxa5 44. Bxa5 Rxb3 45. Bh3 Nd4 46. Qg4 Qe8 {[#] Strongly threatening ...Bh5.} 47. Qd7 Rb2 48. Qd8 1/2-1/2

[Event "RUS-ch Youth U21 Girls 2017"]
[Site "Loo"]
[Date "2017.04.27"]
[Round "8"]
[White "Bykova, Anastasia"]
[Black "Dimitrova, Aleksandra"]
[Result "1/2-1/2"]
[WhiteElo "2241"]
[BlackElo "2246"]
[Annotator "TA"]
[PlyCount "108"]
[EventDate "2017.??.??"]
[EventType "tourn"]
[EventCountry "RUS"]
[SourceTitle "playchess.com"]
[Source "ChessBase"]
[SourceQuality "1"]

{[%evp 21,108,43,58,60,68,46,45,47,65,70,56,54,45,50,68,24,24,24,24,24,31,24,50,0,0,0,0,0,0,0,0,0,-6,0,0,-69,23,0,0,0,0,0,0,0,43,44,304,299,299,300,305,312,368,278,279,282,306,278,1750,1548,1680,1526,1475,937,902,764,2781,1652,1358,1258,1230,264,264,0,975,264,264,147,135,181,189,59,51,8,8,0,0,0,8]} 1. d4 Nf6 2. Nf3 e6 3. g3 b6 4. Bg2 Bb7 5. c4 Bb4+ 6. Bd2 Be7 7. Nc3 d5 8. cxd5 Nxd5 9. O-O O-O 10. Nxd5 Bxd5 11. Qc2 Nd7 12. e4 {E16: Queen's Indian: 4 g3 Bb7 5 Bg2 Bb4+} Bb7 13. Bc3 c5 14. d5 {White is slightly better.} exd5 15. exd5 Bf6 16. Rad1 Re8 $146 17. Rfe1 Rxe1+ 18. Nxe1 {[%cal Bf3e1,Be1d3,Bd3e5,Be5c6][%mdl 32]} Bxc3 19. bxc3 Nf6 20. Nd3 Ne8 21. Ne5 Nd6 22. f4 Qe7 23. c4 f6 24. Nc6 Qe3+ 25. Qf2 $1 {[%cal Rf2e3]} (25. Kh1 Ba6 26. Bf1 (26. Qb3 Qf2 27. Ne7+ Kf8 $17) 26... Bxc4 $1 {[%mdl 512]} 27. Bxc4 Nxc4 $17) 25... Qc3 (25... Nxc4 $6 26. d6 Qxf2+ 27. Kxf2 $16) 26. Qe1 Qxe1+ (26... Qxc4 $2 27. Qe6+ Nf7 28. Ne7+ Kf8 29. Nf5 $18) 27. Rxe1 Kf8 ({Don't play} 27... Nxc4 $6 28. Re7 Ba6 29. d6 (29. Nxa7 Kf8 30. Rd7 Ne3 $11) 29... Nxd6 30. Rd7 $16) 28. Re6 (28. Rc1 $11) 28... Nf7 (28... Nxc4 $15 29. Bf1 b5) 29. Be4 Re8 30. Rxe8+ Kxe8 31. Nxa7 $11 {[%mdl 4096] Endgame KBN-KBN} Nd6 32. Bxh7 Kd7 33. Bd3 {Black must now prevent a4.} Kc7 $2 {[%mdl 8192]} (33... Ba6 $14) 34. a4 $1 $18 {[%cal Ba2a4,Ba4b5][%mdl 32]} Ba6 35. Nb5+ Bxb5 36. axb5 {KB-KN} ({Not} 36. cxb5 c4 37. Bc2 Nc8 $16) 36... Kd7 37. Kg2 Ke7 38. Kh3 Kf7 39. Kh4 Ke7 $2 (39... g6 40. Kg4 Kg7) 40. Kh5 Kf7 41. g4 Nc8 42. g5 Nd6 43. Kg4 g6 44. gxf6 Kxf6 45. h4 Nf7 46. Bc2 $2 (46. Kg3 Nd6 47. Kg4) 46... Nd6 47. Bd3 $2 (47. Bb3) 47... Nf7 $1 48. Bb1 $2 (48. Kf3 Nd6 49. Kg4) 48... Nd6 {[#]} 49. f5 (49. Ba2 $1 $18) 49... gxf5+ $16 50. Kf4 {Hoping for Bd3.} Nxc4 {[#]} 51. Bxf5 ({White must play} 51. h5 $1 $18) 51... Nd6 $14 52. Bd7 Ke7 {The position is equal.} 53. Bc6 Kf6 54. Bd7 Ke7 1/2-1/2

[Event "RUS-ch Youth U21 Girls 2017"]
[Site "Loo"]
[Date "2017.04.27"]
[Round "8"]
[White "Chernyak, Viktoria"]
[Black "Maltsevskaya, Aleksandra"]
[Result "1-0"]
[WhiteElo "2241"]
[BlackElo "2238"]
[Annotator "TA"]
[PlyCount "67"]
[EventDate "2017.??.??"]
[EventType "tourn"]
[EventCountry "RUS"]
[SourceTitle "playchess.com"]
[Source "ChessBase"]
[SourceQuality "1"]

{[%evp 14,67,54,29,56,54,59,57,104,105,93,96,77,92,113,120,133,141,190,180,170,169,185,180,235,229,234,223,240,233,312,186,170,112,118,119,184,179,177,172,168,173,191,167,281,265,512,504,490,491,738,724,724,714,5289,5014]} 1. d4 Nf6 2. c4 g6 3. f3 Bg7 4. e4 d6 5. Be3 O-O 6. Qd2 {E60: King's Indian: Unusual lines and Fianchetto Variation without Nc3} ({Relevant:} 6. Ne2 c5 7. d5 e6 8. Nec3 Re8 9. Be2 exd5 10. cxd5 Nbd7 11. O-O Ne5 12. a4 a6 13. Na3 Bd7 14. h3 {1-0 (67) Laznicka,V (2679)-Radjabov,T (2724) Dubai 2014}) 6... a6 7. Na3 Nc6 8. Ne2 {LiveBook: 19 Games. White is slightly better.} Nd7 $146 ({Predecessor (28):} 8... Bd7 9. g3 e5 10. d5 Ne7 11. Bg2 Ne8 12. g4 f5 13. g5 c6 14. Rc1 {1-0 (84) Bocharov,D (2602)-Belyakov,B (2495) Voronezh 2016}) 9. g3 e5 10. d5 Nd4 11. Nxd4 (11. Bxd4 $6 exd4 12. Nxd4 Re8 $11) 11... exd4 12. Bxd4 Bxd4 13. Qxd4 Ne5 14. Bg2 f5 15. f4 c5 {[#]} 16. dxc6 $1 Nxc6 17. Qd5+ Kg7 18. O-O-O Qb6 (18... fxe4 $142 19. Bxe4 (19. Qxe4 Qf6 $16) (19. Qxd6 Qb6 $16) 19... Bg4) 19. Nc2 $18 (19. Qxd6 Rd8 20. c5 Qa5 $11) 19... fxe4 20. Bxe4 Bg4 21. Rde1 (21. Qxd6 Rad8 22. Qa3 (22. c5 Qa5 23. b4 Rxd6 24. bxa5 Rxd1+ 25. Rxd1 Bxd1 26. Kxd1 Rd8+ 27. Ke2 Nxa5 $19) 22... Bxd1 23. Qc3+ Rf6 24. Rxd1 Rxd1+ 25. Kxd1 Qg1+ 26. Ke2 Qxh2+ 27. Kf1 h5 $15) 21... Rad8 22. h3 (22. Qd2 $142) 22... Bf5 23. h4 (23. Bxf5 $18 Rxf5 24. Qd3) 23... Bxe4 $16 24. Qxe4 Rfe8 (24... Qa5 $16) 25. Qd3 $18 ({Weaker is} 25. Qxe8 Rxe8 26. Rxe8 Qf2 $11) 25... Qa5 26. a3 Rxe1+ 27. Rxe1 Qc5 28. Qc3+ Kg8 (28... Kf7 $142 29. b4 Qf5) 29. b4 Qf2 $2 {[#]} (29... Qf5 30. Ne3 Qe4) 30. b5 {White is clearly winning.} axb5 31. cxb5 Na5 (31... Rc8 $142 32. bxc6 Rxc6 33. Qb3+ Kf8) 32. Qxa5 Rc8 33. Qd2 Rxc2+ 34. Kxc2 ({Not} 34. Qxc2 Qxe1+ 35. Kb2 Qe6 $18) 1-0

[Event "RUS-ch Youth U21 Girls 2017"]
[Site "Loo"]
[Date "2017.04.27"]
[Round "8"]
[White "Styazhkina, Anna"]
[Black "Khokhlova, Daria"]
[Result "1-0"]
[WhiteElo "2222"]
[BlackElo "2175"]
[Annotator "TA"]
[PlyCount "139"]
[EventDate "2017.??.??"]
[EventType "tourn"]
[EventCountry "RUS"]
[SourceTitle "playchess.com"]
[Source "ChessBase"]
[SourceQuality "1"]

{[%evp 31,139,0,0,0,9,0,3,2,13,0,4,14,40,0,38,0,62,59,77,72,80,84,95,81,89,84,125,94,109,90,291,169,305,291,390,401,382,330,287,186,297,211,303,235,414,431,461,523,528,509,581,645,640,637,575,363,339,331,301,307,245,255,263,169,388,387,389,360,340,0,361,354,515,496,730,688,992,993,913,917,807,463,458,435,554,518,478,474,486,473,441,428,435,333,306,293,274,0,219,40,40,40,29976,29977,29977,29978,29973,29975,29988,29989]} 1. e4 c5 2. Nf3 d6 3. d4 cxd4 4. Nxd4 Nf6 5. Nc3 a6 6. Be2 e5 7. Nb3 Be7 8. O-O O-O 9. Kh1 b6 {[%cal Bb7b6,Bb6b5][%mdl 32]} 10. Be3 Bb7 11. f3 b5 12. a4 {B92: Sicilian Najdorf: 6 Be2} b4 13. Nd5 Nxd5 14. exd5 Nd7 15. c4 bxc3 16. bxc3 Bg5 {LiveBook: 69 Games} 17. Bg1 (17. Bf2 Qc7 18. c4 Rab8 19. Bd3 Ba8 20. Qc2 g6 21. Rfd1 Rb4 22. Be1 Rbb8 23. Bf2 Rb4 24. Be1 Rbb8 25. Bf2 {½-½ (25) Jakovenko,D (2736)-Khismatullin,D (2664) Tyumen 2012}) 17... Qc7 18. c4 Rab8 19. a5 Ba8 20. Qd3 $146 g6 21. Rfd1 Rfd8 22. Rab1 {[%cal Ba1b1,Bb1b2,Bb2c2,Bc2c5][%mdl 32]} Bb7 23. Rb2 Re8 ({Black should try} 23... Ba8 $11) 24. Rc2 $14 Qd8 25. c5 dxc5 26. Nxc5 Nxc5 27. Rxc5 (27. Bxc5 $6 Qxa5 28. Bg1 Qb4 $11) 27... Qd6 28. Rb1 Bd8 29. Rc2 $36 {[%mdl 2048] White has strong initiative.} Bc7 30. Qc3 Bd8 $2 (30... Bc8 $16) 31. Qd2 (31. Rcb2 $142 Rc8 32. Qd3) 31... e4 (31... Bc8 {might work better.}) 32. Ba7 $18 Bc7 33. Rxc7 $1 Qxc7 34. Bxb8 Rxb8 35. fxe4 {Strongly threatening d6.} Re8 (35... Bc8 $142 36. Rf1 Qe5) 36. Bf3 Qd7 (36... Bc8 $142 37. d6 Qc6) 37. Qd4 Qe7 $2 (37... Bc6 {is a better defense.} 38. e5 Qd8) 38. h3 Bc8 39. d6 Qe6 {[#]} 40. e5 $1 {[%mdl 512]} Qf5 (40... Qxe5 41. d7) 41. Rb8 Bd7 42. Rxe8+ Bxe8 43. Qe4 Qc8 44. Qa8 Qc1+ 45. Kh2 Kg7 46. Qe4 ({Resist} 46. Qxe8 Qf4+ 47. Kg1 Qc1+ 48. Kf2 Qd2+ 49. Kf1 Qc1+ 50. Ke2 Qc2+ 51. Ke3 Qc3+ 52. Kf4 Qc1+ 53. Ke4 Qc4+ 54. Ke3 Qc3+ 55. Kf4 Qc1+ 56. Kg3 Qg5+ 57. Kh2 Qf4+ 58. Kg1 Qc1+ 59. Kf2 Qd2+ 60. Be2 Qf4+ 61. Bf3 Qd2+ $18) 46... Qd2 47. Qd5 Qf4+ $2 (47... Qe3 48. Qe4 (48. d7 Bxd7 49. Qxd7 Qxe5+ 50. g3 Qxa5 51. Qd4+ Kg8 $18) 48... Qd2) 48. g3 Qf5 49. Qe4 Qe6 50. Qd5 Qf5 $1 51. Be4 Qf2+ (51... Qc8 {keeps fighting.} 52. Qb7 Qc4) 52. Bg2 Qf5 (52... Qe2 $142 53. d7 Bxd7) 53. Qd4 Kg8 54. Qe4 Qe6 55. Qd5 Qd7 56. Qa8 Qb5 57. Qd8 Kg7 58. Qf6+ Kg8 {[#]} 59. e6 $1 fxe6 60. Qxe6+ Kg7 61. h4 Bd7 62. Qe7+ Kg8 63. Qd8+ Kg7 64. Qe7+ Kg8 65. Qe4 $2 ({White should play} 65. Qe1 $18) 65... Qxa5 $14 66. Qc4+ Kg7 $2 {[%mdl 8192]} (66... Kf8 $14) 67. Qd4+ {White mates.} Kh6 68. g4 Bxg4 69. Qxg4 Qd8 {[#]} 70. Qg5+ $1 1-0

[Event "RUS-ch Youth U21 Girls 2017"]
[Site "Loo"]
[Date "2017.04.28"]
[Round "9"]
[White "Shuvalova, Polina"]
[Black "Bykova, Anastasia"]
[Result "1/2-1/2"]
[WhiteElo "2376"]
[BlackElo "2241"]
[Annotator "NA"]
[PlyCount "81"]
[EventDate "2017.??.??"]
[EventType "tourn"]
[EventCountry "RUS"]
[SourceTitle "playchess.com"]
[Source "ChessBase"]
[SourceQuality "1"]
[TimeControl "40/5400+30:1800+30"]

{[%evp 8,77,29,21,19,17,34,25,32767,32767,32767,32767,26,33,32767,32767,32767,0,32767,19,32767,0,15,-7,19,0,32767,32767,45,31,35,32767,57,44,47,41,48,42,46,47,47,32767,32767,32767,53,32767,32767,32767,32767,32767,32767,32767,32767,0,0,32767,32767,32767,32767,32767,18,14,21,19,32767,12,32767,32767,32767,32767,32767,30]} 1. d4 {[%emt 0:00:00]} d5 {[%emt 0:00:04]} 2. c4 {[%emt 0:00:00]} c6 {[%emt 0:00:04]} 3. cxd5 {[%emt 0:00:00]} cxd5 {[%emt 0:00:04]} 4. Nc3 {[%emt 0:00:00]} Nf6 {[%emt 0:00:04]} 5. Bf4 {[%emt 0:00:00]} Nc6 {[%emt 0:00:09]} 6. e3 {[%emt 0:00:00] LiveBook: 3071 Games} Bf5 {[%emt 0:00:10]} 7. Qb3 {[%emt 0:00:00]} Na5 {[%emt 0:00:05]} 8. Qa4+ {[%emt 0:00:03] D10: Slav Defence: 3 cxd5 (without early Nf3) and 3 Nc3} Bd7 {[%emt 0:00:06]} 9. Qc2 {[%emt 0:00:03]} e6 {[%emt 0:00:16]} 10. Bd3 {[%emt 0:00:04]} Nc6 {[%emt 0:00:43]} 11. a3 {[%emt 0:00:30]} Nh5 {[%emt 0:00:40]} 12. Be5 {[%emt 0:04:16]} f6 {[%emt 0:00:15]} 13. Bg3 {[%emt 0:06:37]} f5 {[%emt 0:00:07] [#]} 14. Nge2 $146 {[%emt 0:08:00]} (14. Nf3 Be7 15. Be5 Nf6 {0-1 (30) Tregubov,P (2585)-Svane,R (2555) Doha 2016}) 14... Be7 {[%emt 0:00:52]} 15. Be5 {[%emt 0:11:22]} Nxe5 {[%emt 0:04:35]} 16. dxe5 {[%emt 0:00:02]} g6 {[%emt 0:00:14]} 17. O-O {[%emt 0:04:58]} Rc8 {[%emt 0:01:51]} 18. Nd4 {[%emt 0:02:43]} O-O {[%emt 0:03:24]} 19. f4 {[%emt 0:00:30]} Qb6 {[%emt 0:08:40]} 20. Qb3 {[%emt 0:08:17]} Qxb3 {[%emt 0:14:08]} 21. Nxb3 {[%emt 0:00:35]} Rc7 {[%emt 0:00:13]} 22. Rfc1 {[%emt 0:01:56]} Rfc8 {[%emt 0:00:42]} 23. Kf2 {[%emt 0:02:02]} Ng7 {[%emt 0:01:01]} 24. Ne2 {[%emt 0:02:22]} Ne8 {[%emt 0:01:51]} 25. Nbd4 {[%emt 0:01:28]} a6 {[%emt 0:00:57]} 26. Rxc7 {[%emt 0:00:54]} Rxc7 {[%emt 0:00:19]} 27. Rc1 {[%emt 0:00:15]} Kf7 {[%emt 0:01:18]} 28. Rg1 {[%emt 0:01:25]} Rc8 {[%emt 0:05:39]} 29. g3 {[%emt 0:03:29]} Nc7 {[%emt 0:01:22]} 30. Rc1 {[%emt 0:10:40]} Na8 {[%emt 0:01:05]} 31. Rxc8 {[%emt 0:00:21]} Bxc8 {[%emt 0:00:01]} 32. Nc2 {[%emt 0:00:20]} Bd7 {[%emt 0:03:59]} 33. Ned4 {[%emt 0:00:26]} Nb6 {[%emt 0:01:10]} 34. b3 {[%emt 0:00:13]} Na8 {[%emt 0:01:48]} 35. Ke2 {[%emt 0:00:50]} Nc7 {[%emt 0:00:40]} 36. Kd2 {[%emt 0:00:40]} Ke8 {[%emt 0:00:34]} 37. Ke2 {[%emt 0:00:17]} Kd8 {[%emt 0:00:12]} 38. Kd2 {[%emt 0:00:02]} Kc8 {[%emt 0:00:13]} 39. Kc3 $11 {[%emt 0:00:43]} Kb8 {[%emt 0:00:46]} 40. b4 {[%emt 0:00:00]} b6 {[%emt 0:03:32]} 41. Kb3 {[%emt 0:17:20]} 1/2-1/2

[Event "RUS-ch Youth U21 Girls 2017"]
[Site "Loo"]
[Date "2017.04.28"]
[Round "9"]
[White "Dimitrova, Aleksandra"]
[Black "Chernyak, Viktoria"]
[Result "1/2-1/2"]
[WhiteElo "2246"]
[BlackElo "2241"]
[Annotator "NA"]
[PlyCount "74"]
[EventDate "2017.??.??"]
[EventType "tourn"]
[EventCountry "RUS"]
[SourceTitle "playchess.com"]
[Source "ChessBase"]
[SourceQuality "1"]
[TimeControl "40/5400+30:1800+30"]

{[%evp 8,71,43,26,32,38,48,32767,32767,39,32767,33,32767,32767,33,0,5,32767,-32,-54,-51,-35,-37,-43,-41,-30,-10,-31,32767,32767,-8,0,0,-13,0,32767,0,0,0,0,0,32767,0,32767,0,32767,32767,0,0,32767,0,-25,32767,0,32767,-61,0,0,0,32767,0,-48,-33,-35,0,0]} 1. e4 {[%emt 0:00:00]} g6 {[%emt 0:00:06]} 2. d4 {[%emt 0:00:00]} Bg7 {[%emt 0:00:34]} 3. Nc3 {[%emt 0:00:00]} d6 {[%emt 0:00:00]} 4. f4 {[%emt 0:00:02]} Nf6 {[%emt 0:00:00]} 5. Nf3 {[%emt 0:00:21] LiveBook: 4833 Games} O-O {[%emt 0:00:00]} 6. Bd3 {[%emt 0:00:04]} Na6 {[%emt 0:00:00]} 7. O-O {[%emt 0:00:23]} c5 {[%emt 0:00:10]} 8. d5 $1 {[%emt 0:00:19]} Rb8 {[%emt 0:00:22]} 9. Qe2 {[%emt 0:04:12]} Nc7 {[%emt 0:01:50]} 10. a4 {[%emt 0:00:35]} b6 {[%emt 0:03:05]} 11. Ra3 $146 {[%emt 0:06:25] B09: Pirc Defence: Austrian Attack} (11. Nb5 a6 12. Nxc7 Qxc7 13. c4 e6 14. e5 Ne8 15. Bd2 exd5 16. cxd5 Bb7 17. Bxa6 Bxd5 18. Bc3 Bc6 {0-1 (35) Esen,B (2571)-Nepomniachtchi,I (2714) Jerusalem 2015}) 11... a6 {[%emt 0:01:19]} 12. Rb3 {[%emt 0:00:21]} e6 {[%emt 0:02:08]} 13. dxe6 {[%emt 0:01:56]} Bxe6 {[%emt 0:01:14]} 14. Bc4 $1 {[%emt 0:00:42]} Bxc4 {[%emt 0:15:34]} 15. Qxc4 {[%emt 0:00:03]} Qd7 {[%emt 0:04:31]} 16. e5 {[%emt 0:03:31]} dxe5 {[%emt 0:04:29]} 17. Nxe5 {[%emt 0:00:49]} Qe6 {[%emt 0:05:40]} 18. Qxe6 {[%emt 0:02:20]} Nxe6 {[%emt 0:02:13]} 19. Be3 {[%emt 0:03:34]} Rfc8 {[%emt 0:01:27]} 20. Rd1 {[%emt 0:01:18]} Bf8 {[%emt 0:00:41]} 21. Nd5 {[%emt 0:18:39]} Nxd5 {[%emt 0:00:27]} 22. Rxd5 {[%emt 0:00:02]} b5 {[%emt 0:14:03]} 23. axb5 {[%emt 0:03:50]} c4 {[%emt 0:03:16]} 24. Nxc4 {[%emt 0:04:43]} axb5 {[%emt 0:03:01]} ({But not} 24... Rxc4 25. bxa6 Ra8 26. a7 $16) 25. Ne5 {[%emt 0:04:15]} Rxc2 {[%emt 0:02:33]} 26. Rdxb5 {[%emt 0:03:22]} Ra8 {[%emt 0:00:31]} 27. h3 {[%emt 0:01:53]} Ra1+ {[%emt 0:00:27]} 28. Kh2 {[%emt 0:00:06]} Re1 {[%emt 0:00:27]} 29. Kg3 {[%emt 0:08:35]} Ree2 {[%emt 0:00:26]} 30. Kf3 {[%emt 0:01:58]} Rxg2 {[%emt 0:00:53]} 31. Nd3 {[%emt 0:09:00]} (31. Rb8 $11) 31... Rge2 {[%emt 0:04:00]} (31... Rh2 $1 $15 32. Nf2 Bc5 33. Rxc5 Rcxf2+ 34. Bxf2 Rxh3+ 35. Bg3 Nxc5 36. Rb8+ Kg7) 32. Rb8 {[%emt 0:02:23]} Kg7 {[%emt 0:04:00]} 33. R3b7 {[%emt 0:03:19]} Rh2 {[%emt 0:03:41]} ({Don't play} 33... Bd6 $6 34. Re8 Kh6 35. f5+ Rxe3+ 36. Kxe3 $16) 34. Kg3 {[%emt 0:05:11]} Rcg2+ {[%emt 0:11:48]} 35. Kf3 $1 {[%emt 0:00:08]} Rc2 $11 {[%emt 0:00:15]} ({Much weaker is} 35... Bd6 $6 36. Re8 Rxh3+ 37. Kxg2 $14) 36. Kg3 {[%emt 0:00:05]} Rhg2+ {[%emt 0:06:59]} 37. Kf3 {[%emt 0:00:14]} Rh2 {[%emt 0:00:17]} 1/2-1/2